| 000 | 01333nam a22003617a 4500 | ||
|---|---|---|---|
| 003 | CHAP | ||
| 005 | 20220329143307.0 | ||
| 008 | 080229s2004 es ad r 00010 spa d | ||
| 010 | _a94533 | ||
| 011 | _a95505 | ||
| 020 | _a8420010227 | ||
| 035 | _a106131 | ||
| 040 | _cCHAP | ||
| 082 | 0 | 4 |
_a633.1 _bD45Y |
| 100 | 1 |
_aDendy, David A. V. _931788 |
|
| 245 | 1 | 0 |
_aCereales y productos derivados : _bquímica y tecnología _c/por David A. V. Dendy y Bogdan J. Dobraszczyk |
| 260 |
_aZaragoza : _bAcribia, _c2004 |
||
| 300 |
_axvi, 537 p. : _bilus., gráfs., tablas, diagramas |
||
| 500 | _aTrad. de : Cereals and cereal products : chemistry and technology | ||
| 590 |
_aBATCH-UPD _b10 _c20130110 _lUCH01 _h0513 |
||
| 590 |
_aBATCH-UPD _b10 _c20130410 _lUCH01 _h0151 |
||
| 590 |
_aBATCH-UPD _b10 _c20130914 _lUCH01 _h0915 |
||
| 590 |
_aCONVERSION _b10 _c20130109 _lUCH01 _h1352 |
||
| 650 | 1 | 4 |
_aAgricultura _xInnovaciones tecnológicas. _91565 |
| 650 | 1 | 4 |
_aCereales. _921370 |
| 650 | 1 | 4 |
_aCereales _xSubproductos. _921468 |
| 650 | 1 | 4 |
_aQuímica agrícola. _993576 |
| 700 | 1 |
_aDobraszczyk, Bogdan J. _933142 |
|
| 901 | _aBK | ||
| 942 | _cLIBRO | ||
| 949 |
_a633.1 D45y _bBC _cLIBRO _d33724002042926 _eLIBRO _gI.c/e _h109310 _i106131 _si _t$780.00 |
||
| 949 |
_a633.1 D45Y _bBC _cLIBRO _d33724002071157 _eLIBRO _fc.2 _gI.c/e _h110241 _i106131 _si _t$828.75 |
||
| 999 |
_c94533 _d94533 |
||